书目信息 |
| 题名: |
你一定爱读的极简欧洲史
|
|
| 作者: | 约翰·赫斯特 著 | |
| 分册: | ||
| 出版信息: | 桂林 广西师范大学出版社 2018.06 |
|
| 页数: | 345页 | |
| 开本: | 20cm | |
| 丛书名: | ||
| 单 册: | ||
| 中图分类: | K509 | |
| 科图分类: | ||
| 主题词: | 欧洲--历史 | |
| 电子资源: | ||
| ISBN: | 978-7-5495-7006-5 | |
| 000 | 00623nam0 2200205 450 | |
| 001 | 1957616975 | |
| 005 | 20191125160210.47 | |
| 010 | @a978-7-5495-7006-5@dCNY59.00 | |
| 100 | @a20191125d2018 km y0chiy0120 ea | |
| 101 | 0 | @achi |
| 102 | @aCN@b450000 | |
| 200 | 1 | @a你一定爱读的极简欧洲史@Ani yi ding ai du de ji jian ou zhou shi@f(澳) 约翰·赫斯特著@F(ao)yue han·he si te zhu |
| 205 | @a2版 | |
| 210 | @a桂林@c广西师范大学出版社@d2018.06 | |
| 215 | @a345页@d20cm | |
| 606 | 0 | @a欧洲@x历史 |
| 690 | @aK509@v4 | |
| 701 | 0 | @a约翰·赫斯特@Ayue han·he si te@4著 |
| 801 | 0 | @aCN@bMUSE@c20191125 |
| 905 | @aMUSE@dK509@eY9441=2 | |
| 你一定爱读的极简欧洲史/(澳) 约翰·赫斯特著.-2版.-桂林:广西师范大学出版社,2018.06 |
| 345页;20cm |
| ISBN 978-7-5495-7006-5:CNY59.00 |
| ● |
| 相关链接 |
|
|
|
正题名:你一定爱读的极简欧洲史
索取号:K509/Y9441=2
 
预约/预借
| 序号 | 登录号 | 条形码 | 馆藏地/架位号 | 状态 | 备注 |
| 1 | 1303322 | 213033224 | 建筑与城市规划学院资料室/ [索取号:K509/Y9441=2] |
已借出,限还日期为2023.04.25 借出人:袁玥 |
|
| 2 | 1303323 | 213033233 | 建筑与城市规划学院资料室/ [索取号:K509/Y9441=2] | 在馆 |